Henri Denis, L’Avenir en face, Réflexions sur la crédibilité de la foi chrétienne et sur le ministère de l’Eglise. Desclée de Brouwer, 2002, 242 pages, 20 € (notice n° 1619003)
[ vue normale ]
| 000 -LEADER | |
|---|---|
| fixed length control field | 00573cam a2200145 4500500 |
| 005 - DATE AND TIME OF LATEST TRANSACTION | |
| control field | 20260111090504.0 |
| 041 ## - LANGUAGE CODE | |
| Language code of text/sound track or separate title | fre |
| 042 ## - AUTHENTICATION CODE | |
| Authentication code | dc |
| 100 10 - MAIN ENTRY--PERSONAL NAME | |
| Personal name | Vallin, Pierre |
| Relator term | author |
| 245 00 - TITLE STATEMENT | |
| Title | Henri Denis, L’Avenir en face, Réflexions sur la crédibilité de la foi chrétienne et sur le ministère de l’Eglise. Desclée de Brouwer, 2002, 242 pages, 20 € |
| 260 ## - PUBLICATION, DISTRIBUTION, ETC. | |
| Date of publication, distribution, etc. | 2003.<br/> |
| 500 ## - GENERAL NOTE | |
| General note | 21 |
| 786 0# - DATA SOURCE ENTRY | |
| Note | Études | 398 | 3 | 2003-03-01 | p. 422p-431p | 0014-1941 |
| 856 41 - ELECTRONIC LOCATION AND ACCESS | |
| Uniform Resource Identifier | <a href="https://shs.cairn.info/revue-etudes-2003-3-page-422p?lang=fr&redirect-ssocas=7080">https://shs.cairn.info/revue-etudes-2003-3-page-422p?lang=fr&redirect-ssocas=7080</a> |
Pas d'exemplaire disponible.




Réseaux sociaux